Centenary Commemorative Volume / (Record no. 43211)
[ view plain ]
| 000 -LEADER | |
|---|---|
| fixed length control field | 00820nam a2200277Ia 4500 |
| 001 - CONTROL NUMBER | |
| control field | 43245 |
| 005 - DATE AND TIME OF LATEST TRANSACTION | |
| control field | 20240114003539.0 |
| 007 - PHYSICAL DESCRIPTION FIXED FIELD--GENERAL INFORMATION | |
| fixed length control field | ta |
| 008 - FIXED-LENGTH DATA ELEMENTS--GENERAL INFORMATION | |
| fixed length control field | 080828s1996 g b000 u 903 u |
| 040 ## - CATALOGING SOURCE | |
| Original cataloging agency | Cotton College Assam |
| 041 ## - LANGUAGE CODE | |
| Language code of text/sound track or separate title | 903 |
| 082 ## - DEWEY DECIMAL CLASSIFICATION NUMBER | |
| Classification number | 330 |
| Item number | Re 246 Ce |
| 110 ## - MAIN ENTRY--CORPORATE NAME | |
| Corporate name or jurisdiction name as entry element | Reserve Bank Of India . |
| Location of meeting | ( India ) |
| 245 #0 - TITLE STATEMENT | |
| Title | Centenary Commemorative Volume / |
| Statement of responsibility, etc. | Reserve Bank Of India. |
| Medium | Textual Documents |
| 250 ## - EDITION STATEMENT | |
| Edition statement | ist ed / |
| 260 ## - PUBLICATION, DISTRIBUTION, ETC. | |
| Place of publication, distribution, etc. | India : |
| Name of publisher, distributor, etc. | Reserve Bank Of India , |
| Date of publication, distribution, etc. | 1996. |
| 300 ## - PHYSICAL DESCRIPTION | |
| Extent | 171pg ; |
| Dimensions | 24cm. |
| 500 ## - GENERAL NOTE | |
| General note | C D Desh mukh Memorial Lecture series |
| 653 ## - INDEX TERM--UNCONTROLLED | |
| Uncontrolled term | Economics-Centenary Commemorative -R B I |
| 653 ## - INDEX TERM--UNCONTROLLED | |
| Uncontrolled term | Report-Centenary Commemorative -RBI |
| 653 ## - INDEX TERM--UNCONTROLLED | |
| Uncontrolled term | Ref. Se-Report |
| 942 ## - ADDED ENTRY ELEMENTS (KOHA) | |
| Source of classification or shelving scheme | Dewey Decimal Classification |
| Koha item type | Books |
| Withdrawn status | Lost status | Damaged status | Not for loan | Collection | Home library | Current library | Date acquired | Coded location qualifier | Total checkouts | Full call number | Barcode | Date last seen | Copy number | Price effective from | Koha item type |
|---|---|---|---|---|---|---|---|---|---|---|---|---|---|---|---|
| Not for loan | Dr. Suryya Kumar Bhuyan Library | Dr. Suryya Kumar Bhuyan Library | 01/02/2012 | 00000 | 330 Re 246 Ce | 2602/Gift | 14/01/2024 | 2 | 01/02/2012 | Books | |||||
| Dr. Suryya Kumar Bhuyan Library | Dr. Suryya Kumar Bhuyan Library | 01/02/2012 | 00000 | 330 Re 246 Ce | 2601/gift | 14/01/2024 | 1 | 01/02/2012 | Books |
